000 07380nam a2200541 a 4500
001 000012900
003 DO-SdBNP
005 20180306084747.0
007 000012900
008 091117s2004 dr ac 000 0 spa d
020 _a9993498246 (v. 1)
020 _a9993498254 (v. 2)
020 _a9993498262 (v. 3)
020 _a9993486191 (v. 6)
020 _a8482616773 (v. 7)
040 _aBNPHU
_bspa
_cBNPHU
092 _axxxx
_bE77
100 1 _aIncháustegui, María Isabel
245 0 0 _aEspañol :
_beducación básica /
_cMaría Isabel Incháustegui, Manuel García Cartagena; dirección editorial Obdulia García de Escobar ; ilustraciones Ruddy Núñez.
260 _aSanto Domingo :
_bSantillana,
_c2004.
300 _a8 v. :
_bil., retrs. ;
_c28 cm.
490 1 _aÁmbar
500 _aCada volumen esta compuesto, por una guía didáctica, cuaderno de español y ortografía.
500 _aLa biblioteca solamente posee, las guías de los volumenes 1, 3, 7, y el cuaderno de trabajo del v. 7
505 0 _av. 1 :
_tBienvenido al colegio --
_gunidad 1 --
_tMaicito --
_gunidad 2 --
_tLos tres osos --
_gunidad 3 --
_tLeón y el ratón --
_gunidad 4 --
_tEl gato con botas --
_gunidad 5 --
_tEl gigante egoísta --
_gunidad 6 --
_tLa pintora Li-Chen --
_gunidad 7 --
_tEl agua de la vida --
_gunidad 8 --
_tEl castillo misterioso --
_gunidad 9 --
_tLa torre del rey --
_gunidad 10 --
_tEl dragón volador --
_gunidad 11 --
_tEl campesino y los chivos --
505 0 _av. 2 :
_gunidad 1 --
_tNiñas y niños --
_gunidad 2 --
_tUn día de excursión --
_gunidad 3 --
_tEl sueño de Alfredo --
_gunidad 4 --
_tNos mudamos --
_gunidad 5 --
_tUn lío en la calle --
_gunidad 6 --
_tLlegó la navidad --
_gunidad 7 --
_tEl paletero del barrio --
_gunidad 8 --
_tVamos a Samaná --
_gunidad 9 --
_t¡A divertirse! --
_gunidad 10 --
_tMuchos oficios --
_gunidad 11 --
_t¿Qué vas a comprar? --
_gunidad 12 --
_tLa avenida del Puerto --
_gunidad 13 --
_tEn el fondo del mar --
_gunidad 14 --
_tEl campo y la ciudad --
505 0 _av. 3 :
_gunidad 1 --
_tConocemos a Rita --
_gunidad 2 --
_tJueguemos en el garaje --
_gunidad 3 --
_tLa carrera de relevos --
_gunidad 4 --
_tCriadores de mariposas --
_gunidad 5 --
_tLlega la navidad --
_gunidad 6 --
_tNoticias de la tía Juanita --
_gunidad 7 --
_tUn experimento científico --
_gunidad 8 --
_tEl viejo telescopio --
_gunidad 9 --
_tHojas para un cuaderno --
_gunidad 10 --
_tUna planta curiosa --
_gunidad 11 --
_tVamos de excursión --
_gunidad 12 --
_tUna tarde de junio --
_tUsamos el diccionario --
505 0 _av. 3 : Ortografía 3
_gunidad 1 --
_tUsamos las mayúsculas --
_gunidad 2 --
_t¡Qué susto! --
_gunidad 3 --
_tNo me dividas --
_gunidad 4 --
_tExplicar --
_gunidad 5 --
_tNos toca la v --
_gunidad 6 --
_tSigue la h --
_gunidad 7 --
_tAhora con la g --
_gunidad 8 --
_tCon ge, gi, güe, güi --
_gunidad 9 --
_tTaller final --
505 0 _av. 4 :
_gunidad 1 --
_t¿Qué ocurrió al final? --
_gunidad 2 --
_tRespetar a los seres vivos --
_gunidad 3 --
_tAlimentos ecológicos --
_gunidad 4 --
_tDominicano aquí y allá --
_gunidad 5 --
_tMás vale prevenir --
_gunidad 6 --
_tEl deporte es salud --
_gunidad 7 --
_tEn el aeropuerto --
_gunidad 8 --
_tDe pueblos y leyendas --
_gunidad 9 --
_tUn día de excursión --
_gunidad 10 --
_tdías de fiesta --
_gunidad 11 --
_tCuántos inventos --
_tProyectos --
505 0 _av. 4 : Ortografía 4
_gunidad 1 --
_tSignos que cierran la oración --
_gunidad 2 --
_tLos puntos suspensivos... --
_gunidad 3 --
_tReglas de acentuación --
_gunidad 4 --
_tdiptongos con h --
_gunidad 5 --
_tLa b en verbos --
_gunidad 6 --
_tLa v en verbos --
_gunidad 7 --
_tLa j en verbos --
_gunidad 8 --
_tLa h en tiempos compuestos --
_gunidad 9 --
_tLa y en verbos --
_gunidad 10 --
_tLa v en los adjetivos --
_gunidad 11 --
_tPalabras terminadas en z --
505 0 _av. 5 :
_gunidad 1 --
_tA contar cuentos populares --
_gunidad 2 --
_tResolución de conflictos --
_gunidad 3 --
_tA crear retahílas --
_gunidad 4 --
_tConservar las plantas --
_gunidad 5 --
_tAlegre navidad --
_gunidad 6 --
_tPropiedades de la materia --
_gunidad 7 --
_tRespetemos otras culturas --
_gunidad 8 --
_tLagos y montañas --
_gunidad 9 --
_tEl comercio --
_gunidad 10 --
_tLa industria --
_gunidad 11 --
_tEl trabajo del científico --
_tApéndices --
505 0 _av. 5 : Ortografía 5
_gunidad 1 --
_tEl punto --
_gunidad 2 --
_tLa coma, ¡no te la comas! --
_gunidad 3 --
_tLos dos puntos --
_gunidad 4 --
_tPalabras con cc --
_gunidad 5 --
_tPalabras con z --
_gunidad 6 --
_tLa sílaba tónica --
_gunidad 7 --
_tReglas de acentuación 1 --
_gunidad 8 --
_tReglas de acentuación 2 --
_gunidad 9 --
_tReglas de acentuación 3 --
_gunidad 10 --
_tPalabras con G --
_gunidad 11 --
_tPalabras homófonas --
505 0 _av. 6 :
_gunidad 1 --
_tUn cuento de miedo --
_gunidad 2 --
_tLas fábulas --
_gunidad 3 --
_tUna historia personal --
_gunidad 4 --
_tUn cuento popular --
_gunidad 5 --
_tUn cuento de navidad --
_gunidad 6 --
_tUn cuento fantástico --
_gunidad 7 --
_tLeyendas americanas --
_gunidad 8 --
_tValoremos la familia --
_gunidad 9 --
_tEl trabajo de exploración --
_gunidad 10 --
_tPor un mundo mejor --
_gunidad 11 --
_tUna historia antigua --
_tApéndices --
505 0 _av. 6 : Ortografía 6
_gunidad 1 --
_tB de babilonia --
_gunidad 2 --
_t¡Y ahora la v! --
_gunidad 3 --
_tShhh... h --
_gunidad 4 --
_t¡La jota! --
_gunidad 5 --
_t¿Y? la y --
_gunidad 6 --
_tLa h intercalada --
_gunidad 7 --
_tLa raya del diálogo --
_gunidad 8 --
_tEl guión --
_gunidad 9 --
_t(Entre paréntesis) --
_gunidad 10 --
_tLa ii de lluvia --
_gunidad 11 --
_tX de ¡éxito! --
505 0 _av. 7 :
_gunidad 1 --
_t¿Expresas lo que sientes? --
_gunidad 2 --
_t¿Conoces tu país? --
_gunidad 3 --
_t¿Qué puedes crear? --
_gunidad 4 --
_t¿Te preocupa tu planeta? --
_gunidad 5 --
_t¿Te gusta trabajar? --
_gunidad 6 --
_t¿Sabes vivir en sociedad? --
_gunidad 7 --
_t¿Cómo está el mundo? --
_gunidad 8 --
_t¿Cómo está tu salud? --
_gunidad 9 --
_t¿Conoces tus tradiciones? --
_gunidad 10 --
_t¿Ciencia o ficción? --
_gunidad 11 --
_t¿Resuelves tus problemas? --
505 0 _av. 8 :
_gunidad 1 --
_t¿Vives lo que imaginas? --
_gunidad 2 --
_t¿Qué puedes crear? --
_gunidad 3 --
_t¿Cuentas con la ciencia? --
_gunidad 4 --
_t¿Eres saludable? --
_gunidad 5 --
_t¿Eres un ángel? --
_gunidad 6 --
_t¿De dónde es tu corazón? --
_gunidad 7 --
_t¿Eres feliz? --
_gunidad 8 --
_t¿Cómo te diviertes? --
_gunidad 9 --
_t¿Conoces tu planeta? --
_gunidad 10 --
_t¿Cuidas tu entorno? --
_gunidad 11 --
_t¿Sabes quién eres? --
505 0 _av. 8 : Ortografía 8
_gunidad 1 --
_tEl sonido j --
_gunidad 2 --
_tUso de la g ante e, i --
_gunidad 3 --
_tEscritura de la y --
_gunidad 4 --
_tUso de la ll --
_gunidad 5 --
_tUso de la v --
_gunidad 6 --
_tAcentuación de diptongos y triptongos --
_gunidad 7 --
_tAcentuación de hiatos --
_gunidad 8 --
_tAcentuación de los compuestos --
_gunidad 9 --
_tSignos que indican cita --
_gunidad 10 --
_tSignos que encieran incisos --
_gunidad 11 --
_tAcentuación de monosílabos --
_gunidad 12 --
_tHomónimos --
_gunidad 13 --
_tAutodictados de repaso --
700 1 _aGarcía Cartagena, Manuel
700 1 _aGarcía Escobar, Obdulia de,
_eed.
700 1 _aNúñez, Ruddy,
_eil.
830 0 _aÁmbar
930 1 _lBND01
_mLF1
_820100225
_f04
_pHD
_g7832
_he. 3
930 1 _lBND01
_mLF1
_820091118
_f01
_pHD
_g7832
930 1 _lBND01
_mLF1
_820100210
_f01
_pHD
_g7832
_he. 2
942 _2ddc
_cBK
956 _aYLOCKWARD
_b10
_c20150806
_lBND01
_h1324
956 _aVMATEO
_b10
_c20150813
_lBPMSU
_h00151
999 _c8194
_d8194